Mediterranean politics

Αποθηκεύτηκε σε:
Λεπτομέρειες βιβλιογραφικής εγγραφής
Άλλοι συγγραφείς: Gillespie, Richard 1952- (Επιμελητής έκδοσης)
Μορφή: Βιβλίο
Γλώσσα:English
Δημοσίευση: London : Pinter, c1996
Θέματα:
Ετικέτες: Προσθήκη ετικέτας
Δεν υπάρχουν, Καταχωρήστε ετικέτα πρώτοι!

MARC

LEADER 00000nam a2200000 i 4500
001 1/87370
008 990722s1996 eng d
020 |a 1-85567-189-1 
020 |a 1-85567-191-3 
035 |l 10052279 
040 |a GR-MY-UA  |b gre  |e aacr 
041 0 |a eng 
082 0 |a 320.91822 
245 1 0 |a Mediterranean politics /  |c edited by Richard Gillespie 
260 |a London :   |b Pinter,   |c c1996 
300 |a 271 p. (v.1); 299 p. (v.2) 
504 |a Includes index 
651 0 |a Mediterranean Region  |x Politics and government  |y 1945- 
700 1 |a Gillespie, Richard  |d 1952-  |4 edt 
852 |a INST  |b LESVOS  |e 19990722  |h 320.91822 MED  |p 005100022869  |q 005100022869  |t BK  |y 0  |z v.1 
852 |a INST  |b LESVOS  |e 19990913  |h 320.91822 MED  |p 005100022870  |q 005100022870  |t BK  |y 0  |z v.2 
852 |a INST  |b LESVOS  |e 19990722  |h 320.91822 MED  |p 005100022869  |q 005100022869  |t BK  |v v.1:  |y 0  |z v.1 
852 |a INST  |b LESVOS  |e 19990913  |h 320.91822 MED  |p 005100022870  |q 005100022870  |t BK  |v v.2:  |y 0  |z v.2 
853 |a INST  |b LESVOS  |h 320.91822 MED 
901 |a BIBL1-1999-3 
909 |a Λ  |b 062670 
909 |a Λ  |b 062671 
922 |a 1ΕΛΗ  |b 199812  |c ΚΠΣ/ΤΓ  |d LEADER 
950 |a 118-1998-10-19 
970 |z 2000/05/ΟΙΚΟΝΟΜΟΠΟΥΛΟΥ ΧΡΙΣΤΙΝΑ 
970 |a ΤΖΑΦΕΡΗ  |b ΕΥΑΓΓΕΛΙΑ  |z 1999/11/10